|
|
|
|
| LEADER |
01273nam a2200325 a 4500 |
| 001 |
36301 |
| 003 |
BD-DhAAL |
| 005 |
20211130153509.0 |
| 008 |
191023t2003 nyuab 000 0 eng d |
| 999 |
|
|
|c 41670
|d 41670
|
| 010 |
|
|
|a 2003042021
|
| 020 |
|
|
|a 019453667X (pbk.)
|
| 020 |
|
|
|a 9780194536677
|
| 040 |
|
|
|a DLC
|c DLC
|d DLC
|d BD-DhAAL
|
| 050 |
0 |
0 |
|a PE1128
|b .N24 2003
|
| 082 |
0 |
0 |
|a 428.24
|2 21
|
| 100 |
1 |
|
|a Naber, Therese.
|9 36448
|
| 245 |
1 |
0 |
|a English knowhow :
|p Student book opener /
|c Therese Naber, Angela Blackwell ; with Michelle Johnstone.
|
| 246 |
3 |
|
|a English know how student book opener
|
| 246 |
3 |
0 |
|a Student book opener
|
| 260 |
|
|
|a New York :
|b Oxford University Press,
|c c2003.
|
| 300 |
|
|
|a v, 138 pages :
|b color illustrations ;
|c 28 cm.
|
| 526 |
|
|
|a BIED
|
| 541 |
|
|
|a Complimentary copy from BIED
|e 36301
|
| 650 |
|
0 |
|a English language
|v Textbooks for foreign speakers.
|9 36449
|
| 700 |
1 |
|
|a Blackwell, Angela.
|9 36450
|
| 700 |
1 |
|
|a Johnstone, Michelle.
|9 36451
|
| 852 |
|
|
|a Ayesha Abed Library
|c BIED Collection
|
| 942 |
|
|
|2 ddc
|c BK
|
| 952 |
|
|
|0 0
|1 0
|2 ddc
|4 0
|6 428_240000000000000_NAB
|7 0
|9 66910
|a BRACUL
|b BRACUL
|c GEN
|d 2019-10-23
|e Complimentary copy from BIED
|l 0
|o 428.24 NAB
|p 3010036301
|r 2019-10-23
|t 1
|w 2019-10-23
|y BK
|x Transferred from BIED to General Stacks
|